000 01590nam a2200217Ia 4500
003 Ost
005 20260416102401.0
008 260416s9999||||xx |||||||||||||| ||und||
040 _cfsecg
041 _aara
082 _a632.8
100 _aقوتال ،ابتسام
_eمؤلف
245 0 _aدروس في مقياس تسيير المخاطر المالية :
_bمطبوعة موجهة لطلبة سنة ثانية ماستر مالية المؤسسة:السداسي الثالث /
_cابتسام قوتال
260 _aالجزائر
_bجامعة الجزائر3: كلية العلوم الإقتصادية، العلوم التجارية وعلوم التسيير
_c2023
300 _a113 ورقة
_bايضاحات
_c12 سم
504 _aجداول و أشكال مراجع ص.100
520 _aالمخاطر المالية ودواعي انتشارها،مدخل لإدارة المخاطر المالية،أدوات قياس المخاطر المالية،إسهامات الهندسة المالية في إدارة المخاطر المالية،التنويع كآلية لإدارة مخاطر المحفظة الاستثمارية،تسيير المخاطر المالية من خلال معايير الإبلاغ المالي الدولية،إدارة المخاطر المالية في المؤسسات المالية الإسلامية.
653 _aالمخاطر المالية
710 _aجامعة الجزائر3: كلية العلوم الإقتصادية، العلوم التجارية وعلوم التسيير
_eناشر علمي
942 _cHANDOUT
999 _c41429
_d41429